000 00649nam a2200229Ia 4500
999 _c55668
_d55668
001 22763
003 GE_BSU
005 20220527125952.0
008 181216s2002||||gw |||||||||||||| ||gem||
020 _a3891294492
040 _cGE_BSU
041 _agem
080 _a811.112.1+37 K-24
100 _aKautz, Ulrich
_913861
245 _aHandbuch Didaktik des Übersetzens und Dolmetschens /
_cUlrich Kautz.
264 _aMunchen :
_bIudicium Verlag,
_c2002.
300 _a643 p. ;
_b24 cm.
653 _aHandbuch Didaktik des Übersetzens und Dolmetschens
653 _aПеревод
653 _aთარგმანი
942 _cBK
_2udc